00525nam a2200085Ia 4500008004100000245003400041300027200075650002800347856006400375170517s9999 xx 000 0 und d aCrash: How Long Will It Last? aIn the second half of this special two-part Dispatches, economist and author Will Hutton continues the definitive insider's account of how Britain's economy went from boom to bust. Hutton reveals how those who tried to warn of the impending financial disaster were... xBusiness and Economics. uhttp://topdocumentaryfilms.com/crash-how-long-will-it-last/